000
00324nam a2200133Ia 4500
008
100328s9999 xx 000 0 und d
082
_b
51297
100
_a
Ribeiro Julio
245
_a
Bullet For Bullet.
260
_b
Viking Penguin Book
630
_a
Bullet For Bullet.
730
_a
Bullet For Bullet.
942
_c
BOOK
999
_c
538274
_d
538271